| 000 | 00531nam a2200181Ia 4500 | ||
|---|---|---|---|
| 008 | 240925s9999 xx 000 0 und d | ||
| 020 | _a9788126518111 | ||
| 082 | _a512.7 NIV | ||
| 100 | _aNiven, Ivan ; Zuckerman, Herbert S.; Montgomery, Hugh L. | ||
| 245 | 3 | _aAn Introduction to The Theory of Numbers | |
| 250 | _a5th | ||
| 260 |
_aNew Delhi: _bJohn Wiley & Sons _c,2016. |
||
| 300 |
_avii, 208p. _b0 _fOriginal |
||
| 500 | _aIncludes Index | ||
| 600 | _aHumanities & Natural Science | ||
| 650 | _aMathematics | ||
| 942 | _cBK | ||
| 999 |
_c16007 _d16007 |
||